Statistics for Shirley MacLaine Filmography

Click here to take the quiz!

General Stats

  • This quiz has been taken 74 times
    (17 since last reset)
  • The average score is 16 of 118

Answer Stats

TypeYearName% Correct
Film1983Terms of Endearment
90%
Film1960The Apartment
80%
Film1979Being There
50%
Film2005In Her Shoes
50%
Film1989Steel Magnolia
50%
Film1994Guarding Tess
40%
Film1963Irma la Douce
40%
Film1990Postcards from the Edge
40%
Film1958Some Came Running
40%
Film1969Sweet Charity
40%
Film1961The Children's Hour
40%
Film1996The Evening Star
40%
Film1955The Trouble with Harry
40%
Film1977The Turning Point
40%
Award Show197547th Annual Academy Awards
30%
Film1956Around the World in 80 Days
30%
Film2005Bewitched
30%
Film1991Defending Your Life
30%
TV Show2012, 2013Downton Abbey
30%
Film1966Gambit
30%
Film1960Ocean's 11
30%
Film2005Rumor Has It
30%
Film1980A Change of Seasons
20%
Film1955Artists and Models
20%
Film1959Ask Any Girl
20%
Film2011Bernie
20%
Film1960Can-Can
20%
Film1984Cannonball Run II
20%
Film1959Career
20%
TV Show2014Glee
20%
Film1958Hot Spell
20%
Film1965John Goldfarb, Please Come Home!
20%
Film1980Loving Couples
20%
Film1988Madame Sousatzka
20%
Film1962My Geisha
20%
TV Show1971-1972Shirley's World
20%
Award Show1970The 24th Annual Tony Awards
20%
Award Show1981The 33rd Annual Primetime Emmy Awards
20%
Film1968The Bliss of Mrs. Blossom
20%
Film1958The Matchmaker
20%
Theater1954-1956The Pajama Game
20%
Film1972The Possession of Joel Delaney
20%
Film2013The Secret Life of Walter Mitty
20%
TV Film2001These Old Broads
20%
Film1958The Sheepman
20%
Film1965The Yellow Rolls-Royce
20%
Film1962Two for the Seesaw
20%
Film1970Two Mules for Sister Sara
20%
Film1992Used People
20%
Film2010Valentine's Day
20%
Film1964What a Way to Go!
20%
Film1967Woman Times Seven
20%
TV Film2008Coco Chanel
10%
Film2014Elsa & Fred
10%
Film1996Mrs. Winterbourne
10%
Web Series2022Only Murders in the Building
10%
TV Mini-Series1987Out on a Limb
10%
TV Film2002Salem Witch Trials
10%
Film2017The Last Word
10%
Film2018The Little Mermaid
10%
TV Show1972The Merv Griffin Show
10%
TV Show1975, 1976, 1977The Mike Douglas Show
10%
Film2016Wild Oats
10%
TV Special1985AFI Life Achievement Award: A Tribute to Gene Kelly
0%
TV Film2016A Heavenly Christmas
0%
Film1961All in a Night's Work
0%
Film2022American Dreamer
0%
TV Mini-Series2008Anne of Green Gables: A New Beginning
0%
Film1997A Smile Like Yours
0%
TV Special1970A World of Love
0%
TV Documentary1983Baryshnikov: The Dancer and the Dance
0%
Director2000Bruno
0%
Film2003Carolina
0%
Short Film1976Circasia
0%
Film2007Closing the Ring
0%
Film1971Desperate Characters
0%
TV Show1975, 1978Dinah!
0%
TV Show1955Frankie Laine Time
0%
TV Special1976Gypsy in My Soul
0%
TV Film2002Hell on Heels: The Battle of Mary Kay
0%
Documentary Series1996Intimate Portrait
0%
TV Documentary1996Jack Lemmon
0%
Film2019Jim Button and Luke the Engine Driver
0%
TV Mini-Series1999Joan of Arc
0%
TV Show1977Laugh-In
0%
TV Documentary1976Life Goes to the Movies
0%
Documentary1998Louise Brooks: Looking for Lulu
0%
Theater1953-1954Me and Juliet
0%
FilmTBAMen of Granite
0%
TV Show1977Musique and Music
0%
Film2019Noelle
0%
FilmTBAPeople Not Places
0%
TV Show2005Reel Comedy
0%
Theater1976Shirley MacLaine
0%
TV Special1979Shirley MacLaine at the Lido
0%
TV Special1980Shirley MacLaine... 'Every Little Movement'
0%
TV Special1974Shirley MacLaine: If They Could See Me Now
0%
TV Special1982Shirley MacLaine... Illusions
0%
Theater1984Shirley MacLaine on Broadway
0%
Documentary1996Shirley MacLain: Kicking Up Her Heels
0%
TV Show1955, 1956Shower of Stars
0%
TV Show1998Stories from My Childhood
0%
TV Show1955The Bob Hope Show
0%
TV Show1975The Carol Burnett Show
0%
TV Show1955The Chevy Show
0%
TV Show1956-1959The Dinah Shore Chevy Show
0%
Film2000The Dress Code
0%
TV Show1956The George Gobel Show
0%
TV Show1980The John Davidson Show
0%
Short Film1973The Nutcracker
0%
Documentary1975The Other Half of the Sky: A China Memoir
0%
TV Special1985The Shirley MacLaine Show
0%
TV Special1977The Shirley MacLaine Special: Where Do We Go from Here?
0%
TV Show1956, 1960The Steve Allen Plymouth Show
0%
TV Film1995The West Side Waltz
0%
Film1961Two Loves
0%
Film1990Waiting for the Light
0%
Film1993Wrestling Ernest Hemingway
0%

Score Distribution

Percentile by Number Answered

Percent of People with Each Score

Your Score History

You have not taken this quiz since the last reset